Stavebno-technologický projekt - Hajpark1, Kutlíkova ulica, Bratislava

Guardado en:
Detalles Bibliográficos
Autor principal: Kollár, Pavel (Autor)
Otros Autores: Ďubek, Silvia (Orientador)
Formato: Manuscrito Libro
Lenguaje:eslovaco
Publicado: 2018
Materias:
Acceso en línea:http://is.stuba.sk/zp/portal_zp.pl?podrobnosti=137731
https://opac.crzp.sk/?fn=detailBiblioForm&sid=CAF43C23BCEFEBA4BFC411BCB6F5
Etiquetas: Agregar Etiqueta
Sin Etiquetas, Sea el primero en etiquetar este registro!

MARC

LEADER 00000ntm a22000003a 4500
001 stuzp69128
003 SK-STU
005 20230623083422.0
007 ta
008 150427s2015----xo-----f-mn---000-0-slo-d
040 |a STU  |b slo 
041 0 |a slo 
100 1 |a Kollár, Pavel  |u 010270  |4 aut  |U SvF Stavebná fakulta  |T SvF Katedra technológie stavieb  |X 55251  |U V270  |Y 28  |7 55251 
242 0 1 |a Construction - Technological Project - Hajpark1, Kutlíkova Street, Bratislava  |y eng 
245 1 0 |a Stavebno-technologický projekt - Hajpark1, Kutlíkova ulica, Bratislava 
260 |c 2018 
650 4 |a technická správa  |2 slo 
650 4 |a zariadenie staveniska  |2 slo 
650 4 |a časový plán výstavby  |2 slo 
650 4 |a building site  |2 eng 
650 4 |a construction schedule  |2 eng 
650 4 |a technical report  |2 eng 
700 1 |a Ďubek, Silvia  |u 010270  |k Z1  |4 ths  |U SvF Stavebná fakulta  |T SvF Katedra technológie stavieb  |X 49683  |U V270  |Y 28  |7 A000049683 
856 4 |u http://is.stuba.sk/zp/portal_zp.pl?podrobnosti=137731 
856 4 |u https://opac.crzp.sk/?fn=detailBiblioForm&sid=CAF43C23BCEFEBA4BFC411BCB6F5